| 000 | 00656nam a2200217Ia 4500 | ||
|---|---|---|---|
| 003 | GCL | ||
| 008 | 140319s9999 xx 000 0 ara d | ||
| 040 |
_aGCL / _cGCL |
||
| 082 | 0 | 4 |
_a291.2 _bد د |
| 100 | 1 | _aاحمد صادق حمدى | |
| 245 | 1 | 0 |
_aالديانات فى افريقيا السوداء / _cاحمد صادق حمدى |
| 700 | 1 | _aديشاف، هوبير | |
| 700 | 1 | _aمحمد عبدالله دراز | |
| 300 | _a192 ص | ||
| 490 |
_aالالف كتاب _v0 |
||
| 650 | 0 | 4 | _aانتشار الاسلام |
| 650 | 0 | 4 | _aافريقيا |
| 650 | 0 | 4 | _aالديانات |
| 650 | 0 | 4 | _aالديانات البدائية |
| 942 |
_2ddc _cBK |
||
| 999 |
_c45131 _d45131 |
||